LEADER 01829nam a2200313 i 4500 001 000000252424 003 CaOOAMICUS 005 20250424145458.0 008 170104s2016 be u000 u lat u 013 $a231329 020 $a978-2-503-56913-0 040 $aSeMil$bita 245 10$aScripta medii aevi De vita Isidori Hispalensis episcopi /$cedidit José Carlos Martin-Iglesias. 260 $aTurnhout :$bBrepols,$c2016. 300 $a185*, 275 p. ;$c26 cm. 490 0 $aCorpus Christianorum. Continuatio Mediaevalis ;$v281. 500 $aContiene: Translatio sancti Isidori Legionem anno 1063 (BHL 4488); Sermo in transitu sancti Isidori (BHL 4485) / Martini Legionensis; Vita sancti Isidori (CPL 1214, BHL 4486) necnon Adbreviatio Braulii Caesaraugustani episcopi De vita Sancti Isidori Hispaniarum doctoris (CPL 2015, BHL 4486°); Homilia in natale sancti Isidori / Petri Munionis; Vita beatorum Leandri, Isidori archiepiscoporum Hispalensium, Fulgentii Cathaginensis archiepiscopi, Braulionis Caesaraugustani episcopi (BHL 4810). 500 $aTesto in latino, introduzione e note in spagnolo. 600 04$aIsidoro : di Siviglia .$0(OLS)http://semarc/subject/3626 700 1 $aMartín, José Carlos,$d<1968- >.$0(OLS)http://semarc/name/46947 830 0$aCorpus Christianorum. Continuatio Mediaevalis ;$v281.$0(OLS)http://semarc/title/35 850 $aSeMil 852 $aSeMil$W1$xVenegono$y1$mSL2.G CC.CM 281$j256238$B202770$CSeMilBibl$Z2$F215516 $8I 941 1 $a4 961 $aSottoscrizione: Brepols 996 $6020$a978-2-503-56913-0$9(OLS)http://semarc/number/274776 996 $6245$aScripta medii aevi De vita Isidori Hispalensis episcopi$9(OLS)http://semarc/title/409926 996 $6260$aTurnhout :$bBrepols$9(OLS)http://semarc/publisher/29626 LEADER 01692nam a2200289 4500 001 000000333001 003 CaOOAMICUS 005 20200608171956.0 008 190321s1987 it a 000 u ita r 040 $aSeMil$bita 100 1 $aJennarelli, Francesco.$0(OLS)http://semarc/name/109199 245 12$aI volti negli affreschi di Masolino a Castiglione Olona /$cFrancesco Jennarelli ; fotografie di Alberto Lavit e Luigi Soldano. 260 $aAppiano Gentile (CO) :$bMassimo Baldini Ed.,$c[1987?] 300 $a[48] p. :$briccamente ill. ;$c31 cm 504 $aContiene : Bibliografia. 515 $aPagine senza sequenza di numerazione. 536 $aIn occhietto : 1947-1987, L'Associazione delle Piccole e Medie Industrie della Provincia di Varese, in occasione del quarantesimo della sua fondazione, presenta e dona questo volume esclusivo quale proprio contributo alla conoscenza di un particolare aspetto dell'arte locale e della cultura pittorica di Masolino da Panicale. 650 04$aMasolino : da Panicale <1383-1440> - Affreschi - Castiglione Olona.$0(OLS)http://semarc/subject/2622 650 04$aCastiglione Olona - Arte.$0(OLS)http://semarc/subject/3733 700 1 $aSoldano, Luigi.$0(OLS)http://semarc/name/109201 700 1 $aLavit, Alberto.$0(OLS)http://semarc/name/109200 850 $aSeMil 852 $aSeMil$W1$xVenegono$y1$m5W X 32$j219907$B225209$CSeMilBibl$Z2$F225209 $81 961 $aOmaggio: Rossi don Roberto 996 $6245$aI volti negli affreschi di Masolino a Castiglione Olona$9(OLS)http://semarc/title/422152 996 $6260$aAppiano Gentile (CO) :$bMassimo Baldini Ed.$9(OLS)http://semarc/publisher/47423